Beliebteste Drehorte in Deutschland - Statistiken

Allgemein
  • Dieses Quiz wurde 139 mal gespielt
  • Das Durchschnittsergebnis liegt bei 8 aus 20
Antwortstatistiken
Pl Antwort Anzahl Filme % Korrekt
2. Hamburg 69
100%
1. Berlin 323
99%
5. München 33
98%
4. Köln 38
94%
6. Frankfurt am Main 23
90%
7. Leipzig 19
88%
13. Düsseldorf 7
77%
3. Potsdam 53
68%
13. Habichtswald 7
31%
17. Schwäbisch Hall 6
25%
10. Weimar 11
16%
17. Krummhörn 6
13%
9. Fürth 12
12%
12. Brandenburg an der Havel 8
9%
13. Berchtesgaden 7
8%
8. Schwangau 15
4%
11. Naumburg an der Saale 10
2%
17. Lübbenau 6
1%
13. Ludwigsfelde 7
1%
17. Ramstein-Miesenbach 6
1%
Keine übereinstimmenden Quizze gefunden
Verteilung der Resultate
Anzahl Personen mit jedem Resultat
Perzentil nach korrekt beantworteten Fragen
Ihre Resultats-Entwicklung
Sie haben dieses Quiz noch nicht gespielt